| 000 | 00844nam a22002657a 4500 | ||
|---|---|---|---|
| 005 | 20170124110031.0 | ||
| 010 | _a745727 | ||
| 020 | _c00.00 | ||
| 035 | _a745727 | ||
| 037 | _bCen Lib/Ret | ||
| 040 |
_aDPL _bEN |
||
| 082 |
_a373 _bGRA |
||
| 100 |
_aGrambs, Jaen Dresden _921777 |
||
| 245 |
_aModern methods in secondary education / _cby Jaen Dresden Grambs, John C. Carr [and] Robert M. Fitch |
||
| 250 | _a3rd ed | ||
| 260 |
_aNew York _bHolt, Rinehart and Winston, Inc. _c1970 |
||
| 270 | _bNew York | ||
| 300 |
_axii, 457p. _c23cm(Hb) |
||
| 500 | _aIncludes appendix, bibliographical references and index | ||
| 650 |
_aModern Education _97623 |
||
| 650 |
_aTeaching methods _xEducation _921778 |
||
| 700 |
_aCarr, John C. _921754 |
||
| 700 |
_aFitch, Robert M. _921773 |
||
| 942 |
_2ddc _cEN _h373 _mGRA |
||
| 999 |
_c127869 _d127869 |
||